Noms de rivières sans voyelles - Statistiques

Statistiques générales
  • Ce quiz a été pris 82 fois
    46 depuis la dernière actualisation
  • Le résultat moyen est 14 sur 25
Statistiques - réponses
Hint Réponse % Correct
Dbs Doubs
95%
Sn Saône/Seine
93%
Mrn Marne
90%
Drdgn Dordogne
88%
ll Ill/Ille/Elle
88%
Mrth Meurthe
88%
Chrnt Charente
85%
Drm Drôme
83%
Chr Cher
80%
Vnn Vienne
71%
Svr Nrtse Sèvre Niortaise
66%
Vrdn Verdon
61%
rn Orne
51%
Vln Vilaine
51%
Mn Maine/Moine
49%
sclt Escault
41%
Drc Drac
39%
Tt Têt
39%
Lng Loing
37%
Vzr Vézère
37%
rg Orge/Ariège
32%
Ls Lys
27%
Cnch Canche
24%
dr Adour
17%
Rstnc Restonica
5%
Aucun quiz correspondant
Distribution des résultats
% des personnes avec chaque résultat
Percentile par nombre de réponses
Votre historique - résultats
Vous n’avez pas pris ce quiz depuis la dernière actualisation